Intermediate mathematics (analysis)
Αποθηκεύτηκε σε:
| Κύριος συγγραφέας: | |
|---|---|
| Άλλοι συγγραφείς: | |
| Μορφή: | Βιβλίο |
| Γλώσσα: | English |
| Δημοσίευση: |
London :
Macmillan and Co.,
1949, c1925
|
| Έκδοση: | 1st ed., Repr. |
| Θέματα: | |
| Ετικέτες: |
Προσθήκη ετικέτας
Δεν υπάρχουν, Καταχωρήστε ετικέτα πρώτοι!
|
MARC
| LEADER | 00000cam a2200000 i 4500 | ||
|---|---|---|---|
| 001 | 1/9418 | ||
| 008 | 100714r19491925 eng d | ||
| 035 | |l 10108622 | ||
| 040 | |a GR-MY-UA |b gre |e aacr | ||
| 041 | 0 | |a eng | |
| 082 | 0 | |a 510 |2 (22) | |
| 100 | 1 | |a Usherwood, Thomas Scriven. | |
| 245 | 1 | 0 | |a Intermediate mathematics (analysis) / |c by T. S. Usherwood and C. J. A. Trimble |
| 250 | |a 1st ed., Repr. | ||
| 260 | |a London : |b Macmillan and Co., |c 1949, c1925 | ||
| 300 | |a xii-xxiv, 457 σ.; |b διαγρ.; |c 19 εκ. | ||
| 504 | |a Περιέχει ευρετήριο | ||
| 650 | 0 | 0 | |a Mathematics. |
| 700 | 1 | |a Trimble, C. J. A. | |
| 852 | |a INST |b SAMOS |c MAG |e 20100714 |h 510 USH |p 005300031474 |q 005300031474 |t BK |y 0 | ||
| 901 | |a BIBL3-2010-2 | ||
| 909 | |a Σ |b 165876 | ||
| 970 | |a ΣΙΤΖΙΜΗ |b ΓΙΑΣΕΜΗ |z 2010/07/14 | ||